000 00826nas a2200277 4500
001 BR8402069
003 BR-BrBNA
005 20231205085907.0
007 ta
008 230509b bl.|||p| |||| 00| 00por d
040 _aBR-BrBNA
_bpor
_cBiblioteca Nacional de Agricultura
041 _a(Pt)
072 _aQ10; F00
100 1 _aAmaral, A. dos S.
100 1 _aBicca, L.H.F.
100 1 _aWebeto, L.A.
245 1 _aClassificacao de sementes de ervilha [Pisum sativum, Rio Grande do Sul, Brasil]
650 _aERVILHA
650 _aSEMENTE
650 _aCLASSIFICACAO DE PRODUTO
650 _aCLARIFICACAO
650 _aRIO GRANDE DO SUL
773 0 _tLavoura Arrozeira (Brazil)
_xISSN 0023-9143
_g(Jan 1984), v. 37(348) p. 32-35
_wBR8402069
909 _a202311
_bLúcia
_c55
_dLúcia Elande
942 _2AGRIS
_n0
_cANA
999 _c114592
_d114592